Wellington Metro Suburbs on a Map! - Statistics

General Stats
  • This quiz has been taken 136 times
  • The average score is 65 of 143
Answers on the Map
Answers color-coded by a green-red scale on the quiz's map according to % correct below.
 
Answer Stats
Local Authority Suburb % Correct
Wellington Wellington Central
87%
Lower Hutt Hutt Central
84%
Upper Hutt Upper Hutt Central
84%
Porirua Porirua City Centre
82%
Wellington Johnsonville
79%
Lower Hutt Petone
77%
Wellington Karori
72%
Wellington Seatoun
72%
Wellington Tawa
72%
Wellington Te Aro
72%
Wellington Island Bay
70%
Wellington Mount Victoria
70%
Lower Hutt Eastbourne
69%
Wellington Khandallah
69%
Wellington Miramar
69%
Lower Hutt Wainuiomata
67%
Wellington Brooklyn
66%
Wellington Kelburn
66%
Wellington Lyall Bay
66%
Wellington Thorndon
66%
Wellington Aro Valley
64%
Wellington Kilbirnie
64%
Wellington Newtown
64%
Wellington Rongotai
64%
Wellington Ngaio
62%
Wellington Vogeltown
62%
Wellington Moa Point
61%
Wellington Mount Cook
61%
Lower Hutt Naenae
61%
Wellington Newlands
61%
Porirua Tītahi Bay
61%
Wellington Berhampore
59%
Wellington Pipitea
59%
Lower Hutt Stokes Valley
59%
Upper Hutt Trentham
59%
Porirua Cannons Creek
57%
Lower Hutt Days Bay
57%
Wellington Hataitai
57%
Wellington Houghton Bay
57%
Wellington Mākara
57%
Wellington Northland
57%
Wellington Oriental Bay
57%
Lower Hutt Taitā
57%
Wellington Wadestown
57%
Wellington Ngauranga
56%
Porirua Plimmerton
56%
Lower Hutt Waterloo
56%
Porirua Whitby
56%
Wellington Churton Park
54%
Wellington Crofton Downs
54%
Wellington Grenada North
54%
Wellington Ohariu
54%
Porirua Paremata
54%
Wellington Roseneath
54%
Wellington Breaker Bay
52%
Wellington Kaiwharawhara
52%
Wellington Mākara Beach
52%
Lower Hutt Manor Park
52%
Wellington Owhiro Bay
52%
Upper Hutt Silverstream
52%
Lower Hutt Avalon
51%
Porirua Pukerua Bay
49%
Lower Hutt Seaview
49%
Lower Hutt Woburn
49%
Lower Hutt Belmont
48%
Wellington Strathmore Park
48%
Wellington Grenada Village
46%
Lower Hutt Melling
46%
Lower Hutt Epuni
44%
Upper Hutt Kaitoke
44%
Wellington Karaka Bays
44%
Lower Hutt Maungaraki
44%
Wellington Melrose
44%
Upper Hutt Wallaceville
44%
Wellington Wilton
44%
Porirua Aotea
43%
Wellington Kingston
43%
Wellington Mornington
43%
Lower Hutt Waiwhetū
43%
Wellington Broadmeadows
41%
Wellington Highbury
41%
Wellington Horokiwi
41%
Lower Hutt Kelson
41%
Lower Hutt Korokoro
41%
Lower Hutt Lowry Bay
41%
Wellington Maupuia
41%
Lower Hutt Moera
41%
Wellington Paparangi
41%
Porirua Pāuatahanui
41%
Wellington Takapu Valley
41%
Wellington Glenside
39%
Upper Hutt Heretaunga
39%
Wellington Southgate
39%
Lower Hutt Alicetown
38%
Upper Hutt Brown Owl
38%
Porirua Kenepuru
38%
Porirua Waitangirua
38%
Wellington Woodridge
38%
Porirua Judgeford
36%
Lower Hutt Wainuiomata Coast
36%
Lower Hutt Fairfield
34%
Upper Hutt Maymorn
34%
Upper Hutt Pinehaven
34%
Upper Hutt Te Mārua
34%
Upper Hutt Whitemans Valley
34%
Upper Hutt Blue Mountains
33%
Lower Hutt Boulcott
33%
Lower Hutt Gracefield
33%
Lower Hutt Harbour View
33%
Lower Hutt Normandale
33%
Lower Hutt Tirohanga
33%
Lower Hutt Pencarrow Head
31%
Upper Hutt Tōtara Park
31%
Lower Hutt Haywards
28%
Upper Hutt Maoribank
28%
Porirua Elsdon
26%
Upper Hutt Mangaroa
26%
Porirua Papakōwhai
26%
Upper Hutt Birchville
25%
Porirua Camborne
25%
Porirua Colonial Knob
25%
Lower Hutt Māhina Bay
25%
Lower Hutt Point Howard
25%
Upper Hutt Remutaka Hill
25%
Upper Hutt Riverstone Terraces
25%
Lower Hutt Sorrento Bay
25%
Lower Hutt York Bay
25%
Upper Hutt Akatarawa
23%
Porirua Ascot Park
23%
Upper Hutt Clouston Park
23%
Porirua Paekākāriki Hill
23%
Lower Hutt Sunshine Bay
23%
Porirua Takapūwāhia
21%
Upper Hutt Maidstone
20%
Upper Hutt Ebdentown
18%
Porirua Hongoeka
18%
Upper Hutt Timberlea
18%
Upper Hutt Akatarawa Valley
16%
Upper Hutt Kingsley Heights
16%
Porirua Rānui
16%
Upper Hutt Moonshine Valley
15%
Upper Hutt Craigs Flat
13%
Upper Hutt Elderslea
13%
No matching quizzes found
Score Distribution
Percent of People with Each Score
Percentile by Number Answered
Your Score History
You have not taken this quiz